| 000 | 00444nam a2200145 i 4500 | ||
|---|---|---|---|
| 001 | 57134 | ||
| 003 | ES-MaACL | ||
| 005 | 20230906163523.0 | ||
| 007 | t| | ||
| 008 | 031015m19561957sp ||||1| spa d | ||
| 245 | 0 | 0 |
_aDisposiciones y leyes vigentes sobre el Ministerio de la Gobernación _b: Régimen local. |
| 260 |
_aMadrid : _bEdic. V.A.S.A., _c[1956-57] ( _fMonteverde) |
||
| 300 |
_a286 p. ; _c15 cm. |
||
| 852 |
_aES-MaACL _jC-13542 _bR.40992 |
||
| 999 |
_c57134 _d57134 |
||